| 000 | 00914cam a2200325Ia 4500 | ||
|---|---|---|---|
| 001 | 45959 | ||
| 005 | 20230410103744.0 | ||
| 008 | 000616s1998 sp a b 001 0 spa d | ||
| 035 | _a(OCoLC)ocm44423297 | ||
| 040 |
_aUN@ _cUN@ |
||
| 020 | _a8420679208 | ||
| 020 | _a9788420679204 | ||
| 035 | _a(OCoLC)44423297 | ||
| 050 | 1 | 4 |
_a319 DF 220 _bC432m 1998 |
| 082 | 0 | 0 | _a938/.01 |
| 049 | _aGRAL | ||
| 100 | 1 |
_aChadwick, John, _d1920- |
|
| 245 | 1 | 3 |
_aEl mundo micénico / _cJohn Chadwick. |
| 260 |
_aMadrid : _bAlianza Editorial, _c1998. |
||
| 300 |
_a253 p. : _bil. |
||
| 440 | 0 |
_aHistoria y geografía, ensayo _v037 |
|
| 500 | _aTít. orig.: The Mycenaean world. | ||
| 504 | _aIncluye bibliografía. | ||
| 650 | 0 | _aCivilization, Mycenaean. | |
| 651 | 4 |
_aGrecia _xCivilización. |
|
| 651 | 4 |
_aMicenas (Grecia) _xHistoria _y1600-1100 a.C. |
|
| 942 |
_2lcc _cbk |
||
| 946 | _amjcruz | ||
| 994 |
_aC0 _bDRFGD |
||
| 999 |
_c25189 _d25189 |
||